| 000 | 00492nam a22001817a 4500 | ||
|---|---|---|---|
| 003 | OSt | ||
| 005 | 20140310181731.0 | ||
| 008 | 130312t xxu||||| |||| 00| 0 eng d | ||
| 050 |
_aPE 1111 _b.C889 1989 |
||
| 082 |
_aGS 372.61 _b C849 1989 |
||
| 100 | _aCramer, Ronald L. | ||
| 245 |
_aLanguage / _cRonald L. Cramer |
||
| 260 |
_aGlenview, Illinois : _bScott, Foresman, _c1989. |
||
| 300 |
_a256 p. : _c25 cm. _bcol. ill. ; |
||
| 650 |
_a Grammar _91590 |
||
| 942 |
_2lcc _cBK-GS |
||
| 999 |
_c2399 _d2399 |
||